000 00306nam a22001337a 4500
008 181016b xxu||||| |||| 00| 0 eng d
020 _a9780393051247
041 _aeng
080 _a330
100 _a52
101 _aEKO
245 _aGlobalization and its Discontents
_cStiglitz,J.E
942 _2udc
_cBK
999 _c49839
_d49839